| 000 | 00807nam a2200277 a 4500 | ||
|---|---|---|---|
| 008 | |||
| 020 | _a0750622415 (pbk.) | ||
| 049 | _aMAIN | ||
| 090 |
_aHF1416 _bPAL |
||
| 100 | 1 | _aPaliwoda, Stanley J. | |
| 245 | 1 | 0 |
_aInternational marketing / _cStanley J. Paliwoda, Michael J. Thomas. |
| 250 | _a3rd ed. | ||
| 260 |
_aOxford : _bButterworth-Heinemann, _c1998. |
||
| 300 |
_axviii, 509 p. ; _c29 cm. |
||
| 440 | 0 | _aCIM student series. | |
| 504 | _aIncludes bibliographical references. | ||
| 500 | _aPrevious ed.: 1993. | ||
| 500 | _aIncludes index. | ||
| 650 | 0 | _aExport marketing. | |
| 700 | 1 | _aThomas, Michael J. | |
| 907 |
_a.b10019790 _b03-04-18 _c17-04-03 |
||
| 003 | |||
| 005 | 20230123133347.0 | ||
| 040 | _cNUST | ||
| 942 |
_cBOOKS _kHF1416 _mPAL |
||
| 999 |
_c147231 _d147231 |
||